UnMukt Science & Art of Design Thinking (Record no. 21497)

MARC details
000 -LEADER
fixed length control field 00300nam a22001217a 4500
008 - FIXED-LENGTH DATA ELEMENTS--GENERAL INFORMATION
fixed length control field 250922b |||||||| |||| 00| 0 eng d
020 ## - INTERNATIONAL STANDARD BOOK NUMBER
ISBN 978-93-5396-564-8
100 ## - MAIN ENTRY--AUTHOR NAME
Personal name A Jain
245 ## - TITLE STATEMENT
Title UnMukt Science & Art of Design Thinking
260 ## - PUBLICATION, DISTRIBUTION, ETC. (IMPRINT)
Place of publication Chennai
Name of publisher SDG
Year of publication 2021
300 ## - PHYSICAL DESCRIPTION
Number of Pages 121
942 ## - ADDED ENTRY ELEMENTS (KOHA)
Source of classification or shelving scheme Dewey Decimal Classification
Koha item type Books
Holdings
Accession Number Cost, normal purchase price Price effective from Koha item type Withdrawn / writtenoff status Damaged status Not for loan Permanent Location Current Location Shelving location Date acquired Lost/ Missing status department
MBA 5247 475.00 09/22/2025 Books     Not For Loan MIET Library, Jammu MIET Library, Jammu 140/3 09/22/2025   MBA